Škola fotografovania Ľudia : tajomstvo dobrej fotografie

Bibliographic Details
Main Author: Caputo, Robert, 1949- (Author)
Other Authors: Holinová, Natália (Translator)
Format: Book
Language:Slovak
English
PhysicalDescription:160 strán fotografie (prevažne farebné) 22 cm
Published: Bratislava Washington Slovart National Geographic Society 2004
ISBN:8071459542
Edition:1. slov. vyd.
Subjects:

MARC

LEADER 00000cam a2200000 a 4500
001 vtls001487103
003 SK-MaSNL
005 20260302073752.0
008 240226s2004 xo o grnf 001 0 slo
015 |a SNBA2006/02-00758 
020 |a 8071459542  |q (viazané) 
035 |a SNK000442395 
035 |a urn:nbn:sk:snk-am3j3lp 
035 |a D9E84519-A0C2-40D0-826E-D45A0DE1394F 
035 |a urn:nbn:sk:snk-am00gh5s 
040 |a SNK  |b slo  |c SNK  |e AACR2 
041 1 |a slo  |h eng 
044 |a xo  |c SK 
072 7 |a 77  |x Fotografia. Fotografické postupy  |2 konspekt 
080 |a 77  |2 1997 
080 |a 77.041.4  |2 1997 
080 |a (035)  |2 1997 
080 |a (084.12)  |2 1997 
080 |a 77.03/.08  |2 1997 
080 |a 77  |2 2011 
080 |a 77.041.5  |2 2011 
080 |a (084.12)  |2 2011 
080 |a (035)  |2 2011 
100 1 |a Caputo, Robert,  |d 1949-  |4 aut  |9 166826 
240 1 0 |a National geographic photography field guide: People & portraits  |l Slovensky 
245 1 0 |a Škola fotografovania  |p Ľudia : tajomstvo dobrej fotografie  |c Robert Caputo ; [z anglického originálu National geographic photography field guide: People & portraits preložila Natália Holinová] 
250 |a 1. slov. vyd. 
260 |a Bratislava  |b Slovart  |a Washington  |b National Geographic Society  |c 2004 
300 |a 160 strán  |b fotografie (prevažne farebné)  |c 22 cm 
500 |a Rozložená fotografia na titulnej strane 
500 |a Na titulnej strane uvedený spoluvydavateľ National geographic, Washington, D.C. 
504 |a Obsahuje register 
650 0 7 |a fotografia  |2 SNKPH  |9 1694 
650 0 7 |a fotografovanie  |2 SNKPH  |9 3158 
650 0 7 |a portrétna fotografia  |2 SNKPH  |9 66695 
655 7 |a príručky  |2 SNKPH  |9 74364 
655 7 |a fotografické publikácie  |2 SNKPH  |9 70483 
700 1 |a Holinová, Natália  |4 trl  |9 293432 
919 |a 80-7145-954-2 
958 |a TL 
958 |a NB 
958 |a OP 
958 |a OND 
999 |c 1162292  |d 1164222 
952 |t P60, <03>, [BOOK], {603}, -K-  |a SNK  |b SNK  |y PREZ  |7 0  |p 17A0451673  |o snkSC 118373  |i snkKSP 15943/2004  |0 0  |1 0  |4 0  |d 2004-12-15  |f 1  |l 0  |r 2025-10-07 00:00:00  |w 2026-02-24 
952 |t P60, <04>, [BOOK], {604}  |a SNK  |b SNK  |y VYP  |7 0  |p 17A0451797  |o snkSC 118373 D1  |i snkKSP 15944/2004  |0 0  |1 0  |4 0  |d 2004-12-15  |l 0  |r 2005-01-02 00:00:00  |w 2026-02-24